[Event "Play for Durgesh Fundraiser Blitz"]
[Site "Vishy Anand Arena"]
[Date "2020.09.19"]
[Round "2"]
[White "amurali"]
[Black "CHARVITHA"]
[Result "1-0"]
[WhiteElo "1520"]
[BlackElo "1620"]
[Annotator "NA"]
[PlyCount "45"]
[EventDate "2020.09.19"]
[EventType "swiss (blitz)"]

1. e4 d5 2. exd5 Nf6 3. Nf3 Nxd5 4. Be2 Nc6 5. O-O Bg4 6. d4 e6 7. h3 Bf5 8. c4 Nb6 9. Be3 e5 10. dxe5 f6 11. Qxd8+ Rxd8 12. exf6 gxf6 13. Re1 Bb4 14. Nc3 Na5 15. Bxb6 cxb6 16. Bd3+ Kf7 17. Bxf5 Rde8 18. Nd4 Rd8 19. Be6+ Kg6 20. Re4 Bxc3 21. Rg4+ Kh5 22. Bf7+ Kh6 23. Nf5# 1-0

[Event "Play for Durgesh Fundraiser Blitz"]
[Site "Vishy Anand Arena"]
[Date "2020.09.19"]
[Round "2"]
[White "Chessjoker11"]
[Black "Doremon2011"]
[Result "0-1"]
[WhiteElo "1518"]
[BlackElo "1620"]
[Annotator "NA"]
[PlyCount "70"]
[EventDate "2020.09.19"]
[EventType "swiss (blitz)"]

1. e4 e5 2. Nf3 Nc6 3. d4 exd4 4. Nxd4 Nf6 5. Nc3 Bb4 6. Nxc6 bxc6 7. Bd3 O-O 8. Bd2 d5 9. exd5 cxd5 10. Nb5 Bxd2+ 11. Qxd2 c6 12. Nc3 d4 13. Na4 Re8+ 14. Be2 Qd7 15. b3 Ne4 16. Qd3 c5 17. O-O Nf6 18. Bf3 Rb8 19. Nxc5 Qd6 20. Na4 Rd8 21. Rad1 Qe6 22. Rfe1 Qd6 23. Nb2 Qb6 24. Nc4 Qa6 25. Re5 Qxa2 26. Re2 Ba6 27. Qf5 Bxc4 28. bxc4 Qxc4 29. h3 Qa2 30. Re7 Rb1 31. Bh5 Rxd1+ 32. Bxd1 Qa1 33. Re1 Qb2 34. Kh2 Qb8+ 35. g3 Qb4 0-1

[Event "Play for Durgesh Fundraiser Blitz"]
[Site "Vishy Anand Arena"]
[Date "2020.09.19"]
[Round "2"]
[White "VRK"]
[Black "Sarvad64squares"]
[Result "1-0"]
[WhiteElo "1518"]
[BlackElo "1529"]
[Annotator "NA"]
[PlyCount "73"]
[EventDate "2020.09.19"]
[EventType "swiss (blitz)"]

1. e4 e5 2. Nf3 Nc6 3. Bb5 a6 4. Ba4 Nf6 5. Bxc6 dxc6 6. Nc3 Bd6 7. d3 Bg4 8. h3 Bh5 9. O-O Qd7 10. Be3 O-O-O 11. Na4 Kb8 12. c4 Rhe8 13. Qe2 Bf8 14. Rfd1 h6 15. b4 g5 16. Nc5 Bxc5 17. Bxc5 g4 18. hxg4 Qxg4 19. Qe3 Rg8 20. Ne1 Qg5 21. Qxg5 Rxg5 22. Rd2 Rd7 23. f3 b6 24. Be3 Rg8 25. a4 Nh7 26. a5 b5 27. cxb5 cxb5 28. Rc1 f6 29. Rc6 Rdg7 30. Rxa6 Kb7 31. Re6 Ng5 32. Bxg5 Rxg5 33. a6+ Ka7 34. Rc2 R8g7 35. Rec6 Rg8 36. Rxc7+ Kxa6 37. R2c6# 1-0

[Event "Play for Durgesh Fundraiser Blitz"]
[Site "Vishy Anand Arena"]
[Date "2020.09.19"]
[Round "2"]
[White "Shivanthm"]
[Black "Tanishagr"]
[Result "1-0"]
[WhiteElo "1516"]
[BlackElo "1485"]
[Annotator "NA"]
[PlyCount "55"]
[EventDate "2020.09.19"]
[EventType "swiss (blitz)"]

1. e4 e5 2. Nf3 Nc6 3. Bb5 Nf6 4. O-O Bd6 5. Re1 O-O 6. h3 Re8 7. d3 b6 8. Nbd2 Nh5 9. Nf1 Nf4 10. Bxf4 exf4 11. Bxc6 dxc6 12. e5 Bc5 13. d4 Bb4 14. c3 Be7 15. Qd2 c5 16. Qxf4 Rf8 17. Rad1 cxd4 18. Nxd4 Qe8 19. Ng3 Bb7 20. Ndf5 Rd8 21. Nh5 g6 22. Nf6+ Bxf6 23. exf6 Qc6 24. Ne7+ Kh8 25. Nxc6 Bxc6 26. Qh6 Rg8 27. Rxd8 Rxd8 28. Qg7# 1-0

[Event "Play for Durgesh Fundraiser Blitz"]
[Site "Vishy Anand Arena"]
[Date "2020.09.19"]
[Round "2"]
[White "HRICK2008"]
[Black "SaurabhGurbhele"]
[Result "1-0"]
[WhiteElo "1511"]
[BlackElo "1620"]
[Annotator "NA"]
[PlyCount "31"]
[EventDate "2020.09.19"]
[EventType "swiss (blitz)"]

1. d4 d5 2. Nc3 Nf6 3. Bf4 Nc6 4. Nb5 e5 5. dxe5 Ne4 6. e6 Bxe6 7. Nxc7+ Ke7 8. Nxa8 Qxa8 9. f3 Nc5 10. e3 Ke8 11. Bb5 Be7 12. Ne2 h6 13. O-O g5 14. Be5 Rh7 15. Nd4 Qd8 16. b4 1-0

[Event "Play for Durgesh Fundraiser Blitz"]
[Site "Vishy Anand Arena"]
[Date "2020.09.19"]
[Round "2"]
[White "Adt1999"]
[Black "IndianKing97"]
[Result "0-1"]
[WhiteElo "1488"]
[BlackElo "2385"]
[Annotator "NA"]
[PlyCount "64"]
[EventDate "2020.09.19"]
[EventType "swiss (blitz)"]

1. e4 c5 2. Nf3 e6 3. d4 cxd4 4. Nxd4 a6 5. Nc3 Qc7 6. g3 Nc6 7. Bg2 Nf6 8. Bf4 e5 9. Nxc6 exf4 10. Nd4 Bb4 11. O-O fxg3 12. fxg3 Bxc3 13. bxc3 d6 14. Rb1 O-O 15. Qd3 Ng4 16. Nf5 Qc5+ 17. Kh1 Nf2+ 18. Rxf2 Qxf2 19. Rf1 Qc5 20. Qf3 Bxf5 21. Qxf5 Qxf5 22. Rxf5 Rac8 23. Rf3 Rfe8 24. Rd3 Rc5 25. Kg1 b5 26. Rxd6 Rxc3 27. Rxa6 Rxc2 28. Ra5 b4 29. Ra4 Rb2 30. e5 h5 31. Bd5 Rxe5 32. Bb3 Re1# 0-1

[Event "Play for Durgesh Fundraiser Blitz"]
[Site "Vishy Anand Arena"]
[Date "2020.09.19"]
[Round "2"]
[White "Saathwikthegreat"]
[Black "RuchirNSB"]
[Result "1-0"]
[WhiteElo "1481"]
[BlackElo "1191"]
[Annotator "NA"]
[PlyCount "93"]
[EventDate "2020.09.19"]
[EventType "swiss (blitz)"]

1. e4 e5 2. Nf3 Nc6 3. Nc3 Nf6 4. d4 exd4 5. Nxd4 Nxd4 6. Qxd4 b6 7. Be3 Bc5 8. Qd2 Bxe3 9. Qxe3 Bb7 10. Bd3 O-O 11. O-O Re8 12. f4 d5 13. e5 Nd7 14. Ne2 Nc5 15. Nd4 f6 16. Rae1 fxe5 17. fxe5 Nxd3 18. Qxd3 c5 19. Nf5 d4 20. e6 Qd5 21. Qe2 Bc8 22. Qg4 g6 23. Nh6+ Kh8 24. Nf7+ Kg8 25. Rf6 Qxa2 26. Nd6 Re7 27. Nxc8 Rxc8 28. Qf4 Rce8 29. Qd6 Rxe6 30. Rfxe6 Rxe6 31. Qxe6+ Qxe6 32. Rxe6 Kf7 33. Rc6 a5 34. Rxb6 a4 35. Ra6 Kg7 36. Rxa4 Kh6 37. Ra5 g5 38. Rxc5 Kh5 39. Rd5 h6 40. Rxd4 Kg6 41. Kf2 h5 42. Ke3 Kf5 43. b4 g4 44. b5 Kg5 45. g3 h4 46. b6 hxg3 47. hxg3 1-0

[Event "Play for Durgesh Fundraiser Blitz"]
[Site "Vishy Anand Arena"]
[Date "2020.09.19"]
[Round "2"]
[White "Rohan sri hari"]
[Black "The_nicepencil1812"]
[Result "1-0"]
[WhiteElo "1453"]
[BlackElo "1444"]
[Annotator "NA"]
[PlyCount "67"]
[EventDate "2020.09.19"]
[EventType "swiss (blitz)"]

1. e4 e5 2. f4 Bc5 3. Nf3 exf4 4. d4 Bb6 5. Bxf4 c5 6. d5 Qf6 7. Bc1 d6 8. c3 Bg4 9. Be2 Bxf3 10. Bxf3 Qh4+ 11. g3 Qf6 12. c4 Nd7 13. Nc3 Ne5 14. Be2 Qg6 15. Bf4 Qf6 16. Nb5 Ng6 17. Bc1 O-O-O 18. a4 Ne5 19. Bf4 Qf5 20. exf5 Nf3+ 21. Bxf3 Re8+ 22. Kf2 Nf6 23. Nxd6+ Kd8 24. Nxe8 Kxe8 25. Re1+ Kd8 26. Bg5 Kc8 27. Bxf6 Kc7 28. d6+ Kd7 29. Bxg7 Kd8 30. Bxh8 Kd7 31. Re7+ Kd8 32. Qe2 Kc8 33. Re8+ Kd7 34. Qe7# 1-0

[Event "Play for Durgesh Fundraiser Blitz"]
[Site "Vishy Anand Arena"]
[Date "2020.09.19"]
[Round "2"]
[White "Nishu123"]
[Black "Shaarav heda"]
[Result "1-0"]
[WhiteElo "1452"]
[BlackElo "1620"]
[Annotator "NA"]
[PlyCount "33"]
[EventDate "2020.09.19"]
[EventType "swiss (blitz)"]

1. e4 e5 2. f4 exf4 3. Nf3 Bd6 4. Nc3 f6 5. d4 Nh6 6. Bc4 Ng4 7. O-O Ne3 8. Qe2 Nxf1 9. Qxf1 b6 10. b4 f5 11. exf5 Qf6 12. Ba3 a5 13. Re1+ Be7 14. bxa5 bxa5 15. Nb5 Qc6 16. Qe2 Qxc4 17. Qxe7# 1-0

[Event "Play for Durgesh Fundraiser Blitz"]
[Site "Vishy Anand Arena"]
[Date "2020.09.19"]
[Round "2"]
[White "Geethanjali2"]
[Black "Carlashis"]
[Result "0-1"]
[WhiteElo "1451"]
[BlackElo "1966"]
[Annotator "NA"]
[PlyCount "76"]
[EventDate "2020.09.19"]
[EventType "swiss (blitz)"]

1. e4 c5 2. d4 cxd4 3. Nf3 Nc6 4. Nxd4 e6 5. Nc3 Bb4 6. Nxc6 bxc6 7. Bd2 Ne7 8. g3 d5 9. exd5 cxd5 10. Qe2 O-O 11. O-O-O Bxc3 12. Bxc3 a5 13. Kb1 Qb6 14. h4 a4 15. a3 Ba6 16. Qe5 f6 17. Qd4 Qxd4 18. Bxd4 Bxf1 19. Rhxf1 Rfc8 20. Rfe1 e5 21. Bc3 Kf7 22. Bb4 Rc6 23. b3 axb3 24. cxb3 Rc7 25. Kb2 Ke6 26. f4 e4 27. g4 Nc6 28. f5+ Ke5 29. Rc1 Nxb4 30. axb4 Rxc1 31. Rxc1 e3 32. Re1 d4 33. Kc2 Ra2+ 34. Kd3 Rd2+ 35. Kc4 Rc2+ 36. Kd3 Rc3+ 37. Ke2 Rxb3 38. h5 Rb2+ 0-1

[Event "Play for Durgesh Fundraiser Blitz"]
[Site "Vishy Anand Arena"]
[Date "2020.09.19"]
[Round "2"]
[White "Prajwalpshenoy"]
[Black "Naga jaswanth"]
[Result "1-0"]
[WhiteElo "1451"]
[BlackElo "1620"]
[Annotator "NA"]
[PlyCount "21"]
[EventDate "2020.09.19"]
[EventType "swiss (blitz)"]

1. e4 e5 2. Nf3 Nc6 3. Bc4 Nf6 4. d3 d6 5. c3 Be6 6. Bb3 Bxb3 7. Qxb3 Be7 8. O-O Qd7 9. Nbd2 O-O-O 10. a4 b6 11. Qa2 1-0

[Event "Play for Durgesh Fundraiser Blitz"]
[Site "Vishy Anand Arena"]
[Date "2020.09.19"]
[Round "2"]
[White "Sanjith S"]
[Black "RRaman"]
[Result "0-1"]
[WhiteElo "1445"]
[BlackElo "1812"]
[Annotator "NA"]
[PlyCount "64"]
[EventDate "2020.09.19"]
[EventType "swiss (blitz)"]

1. e4 e6 2. Nf3 d6 3. d4 h6 4. Bc4 a6 5. Nc3 g5 6. h3 Bg7 7. O-O Ne7 8. d5 e5 9. Be3 b6 10. Ne2 Nd7 11. Ng3 Nf6 12. Bd3 Ng6 13. Qd2 Nf4 14. Kh2 g4 15. Bxf4 exf4 16. Qxf4 gxf3 17. Qxf3 Nd7 18. Nf5 Be5+ 19. g3 Nc5 20. Rab1 h5 21. Nh4 Qxh4 22. Qg2 Qe7 23. f4 Bg7 24. e5 dxe5 25. fxe5 Bxe5 26. Rbe1 h4 27. Kh1 hxg3 28. Rf3 Bxh3 29. Qxh3 Rxh3+ 30. Kg2 Rh2+ 31. Kf1 Rh1+ 32. Ke2 Bd4+ 0-1

[Event "Play for Durgesh Fundraiser Blitz"]
[Site "Vishy Anand Arena"]
[Date "2020.09.19"]
[Round "2"]
[White "ArkaCHESS"]
[Black "Mithilesh2009"]
[Result "1-0"]
[WhiteElo "1439"]
[BlackElo "1620"]
[Annotator "NA"]
[PlyCount "93"]
[EventDate "2020.09.19"]
[EventType "swiss (blitz)"]

1. Nf3 e6 2. g3 d5 3. Bg2 Nf6 4. O-O Bc5 5. d3 Kf8 6. Nbd2 Nc6 7. e4 dxe4 8. Nxe4 Nxe4 9. dxe4 Qxd1 10. Rxd1 Ke7 11. Bf4 e5 12. Nxe5 Nxe5 13. Bxe5 c6 14. Bxg7 Rg8 15. Bd4 Bxd4 16. Rxd4 c5 17. Rd5 b6 18. Rad1 Be6 19. R5d2 Bxa2 20. b3 Rad8 21. e5 Rxd2 22. Rxd2 f6 23. exf6+ Kxf6 24. Rd1 c4 25. Bd5 Rd8 26. Bf3 cxb3 27. Rxd8 bxc2 28. Rc8 Bb1 29. Kg2 a5 30. Be4 a4 31. Bxc2 Bxc2 32. Rxc2 b5 33. Rb2 a3 34. Rxb5 a2 35. Ra5 h5 36. Rxa2 Kg5 37. f4+ Kg4 38. h3+ Kf5 39. Ra5+ Ke4 40. Rxh5 Ke3 41. f5 Kd4 42. f6 Kd3 43. f7 Ke2 44. f8=Q Kd2 45. Qd6+ Kc3 46. Rc5+ Kb4 47. Qb6+ 1-0

[Event "Play for Durgesh Fundraiser Blitz"]
[Site "Vishy Anand Arena"]
[Date "2020.09.19"]
[Round "2"]
[White "AmoghB"]
[Black "avibhat"]
[Result "0-1"]
[WhiteElo "1437"]
[BlackElo "1400"]
[Annotator "NA"]
[PlyCount "114"]
[EventDate "2020.09.19"]
[EventType "swiss (blitz)"]

1. e4 e5 2. Nf3 Nc6 3. Bb5 Nf6 4. O-O a6 5. Ba4 Be7 6. Bxc6 dxc6 7. Nxe5 Nxe4 8. Re1 Nf6 9. d4 O-O 10. Nc3 Be6 11. Nf3 Nd5 12. Nxd5 Bxd5 13. Bf4 Bd6 14. Bxd6 Qxd6 15. Qd3 Bxf3 16. Qxf3 Qxd4 17. c3 Qd5 18. Qg3 Rfe8 19. Qxc7 Qd2 20. Rxe8+ Rxe8 21. g3 Qxb2 22. Rf1 g6 23. Qd7 Re2 24. Qd8+ Kg7 25. Qd4+ f6 26. Qd7+ Kh6 27. Qh3+ Kg7 28. Qd7+ Kf8 29. Qd8+ Re8 30. Qxf6+ Kg8 31. Qd4 Qxa2 32. Qd7 Qf7 33. Qd4 Qg7 34. Qc4+ Qf7 35. Qb4 b5 36. Qc5 Qd5 37. Qb6 Qc4 38. Qxa6 Qxc3 39. Qb7 Qc4 40. Qd7 Rf8 41. Qd2 Qc5 42. Qd3 Qd5 43. Qe3 Kg7 44. Qc3+ Kg8 45. Qe3 c5 46. Re1 c4 47. Qc3 Qf3 48. Qd4 Qc6 49. Qe5 Qf6 50. Qd5+ Qf7 51. Qc5 c3 52. Re7 Qf6 53. Qd5+ Kh8 54. Qc5 c2 55. Qxc2 Qxe7 56. Qd2 b4 57. Qc2 Qe1+ 0-1

[Event "Play for Durgesh Fundraiser Blitz"]
[Site "Vishy Anand Arena"]
[Date "2020.09.19"]
[Round "2"]
[White "Anshuman Upadhyay"]
[Black "Arghyadip"]
[Result "0-1"]
[WhiteElo "1435"]
[BlackElo "2190"]
[Annotator "NA"]
[PlyCount "124"]
[EventDate "2020.09.19"]
[EventType "swiss (blitz)"]

1. e4 g6 2. Nf3 Bg7 3. d4 d6 4. Bc4 a6 5. a4 e6 6. O-O b5 7. axb5 a5 8. Nc3 Nd7 9. Re1 Nb6 10. Bb3 Ne7 11. Bf4 h6 12. e5 d5 13. Qd2 g5 14. Bg3 Nf5 15. Rad1 g4 16. Nh4 Nxh4 17. Bxh4 Qxh4 18. Qd3 Qg5 19. Qe3 Qxe3 20. Rxe3 h5 21. h3 Bh6 22. Rg3 Bf4 23. Rgd3 Rg8 24. hxg4 hxg4 25. g3 Bh6 26. Ne2 Bd7 27. Nf4 Bxb5 28. Rc3 Bxf4 29. gxf4 c6 30. Rg3 Kd7 31. f3 gxf3 32. Kf2 Rxg3 33. Kxg3 Be2 34. Re1 Rg8+ 35. Kf2 Rg4 36. Ke3 Rh4 37. c3 Rh3 38. Bd1 Nc4+ 39. Kf2 Rh2+ 40. Kg3 Rg2+ 41. Kh4 Nxb2 42. Bxe2 fxe2 43. Kh3 Nd3 44. Kxg2 Nxe1+ 45. Kf2 Nd3+ 46. Kxe2 Nxf4+ 47. Kf3 Ng6 48. Ke3 a4 49. Kd2 c5 50. dxc5 Kc6 51. Kc2 Kxc5 52. Kb2 Nxe5 53. Ka3 Kb5 54. Kb2 Nc4+ 55. Ka2 f5 56. Kb1 f4 57. Kc2 f3 58. Kd1 a3 59. Kc2 a2 60. Kb3 a1=Q 61. Kc2 Qb2+ 62. Kd3 Qd2# 0-1

[Event "Play for Durgesh Fundraiser Blitz"]
[Site "Vishy Anand Arena"]
[Date "2020.09.19"]
[Round "2"]
[White "Anant123"]
[Black "Iameture123"]
[Result "1-0"]
[WhiteElo "1432"]
[BlackElo "1392"]
[Annotator "NA"]
[PlyCount "27"]
[EventDate "2020.09.19"]
[EventType "swiss (blitz)"]

1. e4 e5 2. Nf3 Nc6 3. Bc4 Bc5 4. O-O Nf6 5. d4 exd4 6. e5 d5 7. exf6 dxc4 8. Re1+ Be6 9. Ng5 gxf6 10. Nxe6 fxe6 11. Qh5+ Kd7 12. Qxc5 Rg8 13. Qxc4 f5 14. Qxe6# 1-0

[Event "Play for Durgesh Fundraiser Blitz"]
[Site "Vishy Anand Arena"]
[Date "2020.09.19"]
[Round "2"]
[White "Sans360"]
[Black "Legacyplayer"]
[Result "0-1"]
[WhiteElo "1423"]
[BlackElo "1965"]
[Annotator "NA"]
[PlyCount "50"]
[EventDate "2020.09.19"]
[EventType "swiss (blitz)"]

1. e4 c5 2. Nf3 d6 3. d3 Nf6 4. c3 g6 5. g3 Bg7 6. Bg2 Nc6 7. Be3 O-O 8. O-O e5 9. Nbd2 Be6 10. Nb3 Qc7 11. d4 exd4 12. cxd4 Bxb3 13. Qxb3 Nxe4 14. dxc5 Nxc5 15. Bxc5 dxc5 16. Rac1 b6 17. Nd2 Rad8 18. Ne4 Nd4 19. Qc4 Rfe8 20. Rfe1 Qd7 21. Rcd1 Qg4 22. f3 Nxf3+ 23. Bxf3 Qxf3 24. Nc3 Bd4+ 25. Re3 Bxe3# 0-1

[Event "Play for Durgesh Fundraiser Blitz"]
[Site "Vishy Anand Arena"]
[Date "2020.09.19"]
[Round "2"]
[White "Prasadm"]
[Black "Abdulkalam25677853"]
[Result "1-0"]
[WhiteElo "1420"]
[BlackElo "1652"]
[Annotator "NA"]
[PlyCount "39"]
[EventDate "2020.09.19"]
[EventType "swiss (blitz)"]

1. e4 c5 2. Nc3 d6 3. f4 Nc6 4. Nf3 e6 5. Bc4 Nge7 6. d3 a6 7. O-O g6 8. Qe1 Bg7 9. a3 O-O 10. Qh4 d5 11. exd5 exd5 12. Ba2 Be6 13. f5 Nxf5 14. Ng5 h6 15. Rxf5 Bxf5 16. Nxd5 hxg5 17. Bxg5 Qd6 18. Nf6+ Bxf6 19. Bxf6 Nd4 20. Qh8# 1-0

[Event "Play for Durgesh Fundraiser Blitz"]
[Site "Vishy Anand Arena"]
[Date "2020.09.19"]
[Round "2"]
[White "Stuti_Bhatt"]
[Black "Deborajbiswas"]
[Result "0-1"]
[WhiteElo "1419"]
[BlackElo "1442"]
[Annotator "NA"]
[PlyCount "114"]
[EventDate "2020.09.19"]
[EventType "swiss (blitz)"]

1. e4 c5 2. Nf3 d6 3. Bc4 Nc6 4. Ng5 e6 5. d3 Nf6 6. Nc3 a6 7. Be3 d5 8. exd5 exd5 9. Bb3 d4 10. Nxf7 Qe7 11. Nxh8 dxe3 12. fxe3 Qxe3+ 13. Qe2 Qxe2+ 14. Nxe2 Nd4 15. Nxd4 cxd4 16. Bf7+ Kd8 17. Rf1 Bd7 18. O-O-O Rc8 19. Rde1 Bd6 20. Rf2 Bxh2 21. Be6 Bg3 22. Rfe2 Bxe1 23. Bxd7 Kxd7 24. Rxe1 Rxh8 25. Rf1 Re8 26. Rd1 Ke6 27. Re1+ Kf5 28. Rxe8 Nxe8 29. c3 dxc3 30. bxc3 Nd6 31. c4 Ke5 32. Kd2 Kd4 33. g3 h5 34. a3 g5 35. a4 h4 36. gxh4 gxh4 37. Ke2 h3 38. Kf2 b6 39. Kg3 Kxd3 40. Kxh3 Kxc4 41. Kg4 Kb4 42. Kf4 Kxa4 43. Ke5 Nc4+ 44. Kd5 b5 45. Kc5 Kb3 46. Kd4 b4 47. Kc5 a5 48. Kb5 a4 49. Kc5 a3 50. Kd4 a2 51. Kd3 a1=Q 52. Ke4 Qc3 53. Kd5 Nb6+ 54. Ke4 Ka4 55. Kf5 b3 56. Ke6 b2 57. Kd6 b1=Q 0-1

[Event "Play for Durgesh Fundraiser Blitz"]
[Site "Vishy Anand Arena"]
[Date "2020.09.19"]
[Round "2"]
[White "Danish2009"]
[Black "Smokyqueen"]
[Result "1/2-1/2"]
[WhiteElo "1403"]
[BlackElo "1620"]
[Annotator "NA"]
[PlyCount "97"]
[EventDate "2020.09.19"]
[EventType "swiss (blitz)"]

1. e4 e5 2. Nf3 Nc6 3. Bc4 Bc5 4. c3 Nf6 5. d3 d5 6. exd5 Nxd5 7. Bxd5 Qxd5 8. O-O Bg4 9. c4 Bxf3 10. cxd5 Bxd1 11. dxc6 Bc2 12. cxb7 Rb8 13. Re1 O-O 14. Rxe5 Bd6 15. Re1 Bxd3 16. Nc3 Rxb7 17. b3 Bb4 18. Bb2 h6 19. Re3 Bg6 20. Nd5 Bd6 21. Ne7+ Bxe7 22. Rxe7 f6 23. Rae1 a5 24. Rd1 Re8 25. Rdd7 Rxe7 26. Rxe7 Kf8 27. Re3 Kf7 28. h3 Rb5 29. Rc3 Rd5 30. Rxc7+ Ke6 31. Rxg7 Bb1 32. Rg8 Bxa2 33. Rg6 Rf5 34. Rxh6 Bxb3 35. g4 Rf3 36. g5 a4 37. Rxf6+ Rxf6 38. Bxf6 a3 39. Ba1 Kf5 40. Bf6 a2 41. h4 Bd1 42. Kg2 Bh5 43. Kg3 Ke4 44. f4 Kf5 45. Ba1 Ke4 46. Bb2 Kf5 47. Ba1 Bg6 48. Bb2 Bh5 49. Ba1 1/2-1/2

[Event "Play for Durgesh Fundraiser Blitz"]
[Site "Vishy Anand Arena"]
[Date "2020.09.19"]
[Round "2"]
[White "Shankhodip"]
[Black "Ritwik chess"]
[Result "0-1"]
[WhiteElo "1396"]
[BlackElo "1657"]
[Annotator "NA"]
[PlyCount "80"]
[EventDate "2020.09.19"]
[EventType "swiss (blitz)"]

1. e4 e5 2. Nf3 Nc6 3. Bb5 a6 4. Ba4 Nf6 5. Qe2 d6 6. c3 Bg4 7. O-O Be7 8. Rd1 O-O 9. d4 exd4 10. cxd4 h6 11. e5 Nh7 12. Nc3 Bg5 13. Bc2 Bxc1 14. Bxh7+ Kxh7 15. Raxc1 Kg8 16. h3 Bh5 17. Ne4 dxe5 18. dxe5 Qe7 19. g4 Bg6 20. Ng3 Rfe8 21. Re1 Rad8 22. Qe3 Nb4 23. a3 Nd3 24. Nf5 Bxf5 25. gxf5 Nxc1 26. Qxc1 c6 27. Kh1 Qd7 28. Rg1 Qd5 29. Qxh6 Qxf3+ 30. Kh2 Qxf2+ 31. Rg2 Qxg2+ 32. Kxg2 gxh6 33. e6 fxe6 34. fxe6 Rxe6 35. h4 Re3 36. Kf1 Rb3 37. Ke1 Rxb2 38. h5 Rdd2 39. a4 Rh2 40. a5 Rh1# 0-1

[Event "Play for Durgesh Fundraiser Blitz"]
[Site "Vishy Anand Arena"]
[Date "2020.09.19"]
[Round "2"]
[White "Sb2008"]
[Black "Rockboss"]
[Result "0-1"]
[WhiteElo "1393"]
[BlackElo "1379"]
[Annotator "NA"]
[PlyCount "20"]
[EventDate "2020.09.19"]
[EventType "swiss (blitz)"]

1. e4 c5 2. Nf3 d6 3. d4 cxd4 4. Nxd4 Nf6 5. Nc3 g6 6. Bd3 Bg7 7. Be3 Ng4 8. Bf4 e5 9. Be3 exd4 10. Bxd4 Bxd4 0-1

[Event "Play for Durgesh Fundraiser Blitz"]
[Site "Vishy Anand Arena"]
[Date "2020.09.19"]
[Round "2"]
[White "Adithya s"]
[Black "Nilaykumar2020"]
[Result "0-1"]
[WhiteElo "1381"]
[BlackElo "1620"]
[Annotator "NA"]
[PlyCount "56"]
[EventDate "2020.09.19"]
[EventType "swiss (blitz)"]

1. d4 g6 2. c4 c5 3. Nc3 cxd4 4. Nb1 Bg7 5. Nf3 Nc6 6. g3 d5 7. cxd5 Qxd5 8. Bg2 Qd8 9. O-O e5 10. Nbd2 f5 11. Nb3 e4 12. Nfd2 Nge7 13. Nc4 O-O 14. Bg5 Qe8 15. Bxe7 Qxe7 16. f3 e3 17. Qd3 Be6 18. Na3 Rfd8 19. Rac1 Nb4 20. Qd1 d3 21. exd3 Bxb3 22. Qxb3+ Kh8 23. Rfe1 Nxd3 24. Rcd1 Nxe1 25. Rxe1 e2 26. Nc4 Rd1 27. Qxd1 exd1=Q 28. Rxd1 Rd8 0-1

[Event "Play for Durgesh Fundraiser Blitz"]
[Site "Vishy Anand Arena"]
[Date "2020.09.19"]
[Round "2"]
[White "Kiruthi"]
[Black "kaushikr98"]
[Result "0-1"]
[WhiteElo "1372"]
[BlackElo "1620"]
[Annotator "NA"]
[PlyCount "88"]
[EventDate "2020.09.19"]
[EventType "swiss (blitz)"]

1. c4 Nf6 2. d4 d6 3. Nc3 c6 4. Nf3 Qc7 5. e4 e5 6. d5 g6 7. h3 Bg7 8. Qd2 a5 9. b3 Na6 10. Bb2 O-O 11. a3 Nc5 12. Qc2 a4 13. bxa4 Nh5 14. Bc1 f5 15. g4 fxg4 16. hxg4 Bxg4 17. Ng5 h6 18. Nh3 Bf3 19. Rh2 Rf7 20. Bg2 Raf8 21. Bxf3 Rxf3 22. Be3 Qa5 23. O-O-O Ra8 24. Bxc5 Rxc3 25. Qxc3 Qxc3+ 26. Kb1 dxc5 27. f3 Rxa4 28. Ra2 Qb3+ 29. Rb2 Qxd1+ 30. Ka2 cxd5 31. cxd5 Rd4 32. Nf2 Rd2 33. Nxd1 Rxd1 34. Kb3 Rd3+ 35. Ka4 Rxf3 36. Rc2 Nf4 37. Rxc5 Nd3 38. Rc8+ Kf7 39. Ka5 Nb2 40. Rc7+ Ke8 41. Rxb7 Rxa3+ 42. Kb6 Ra2 43. Kc7 Nc4 44. Kc6 g5 0-1

[Event "Play for Durgesh Fundraiser Blitz"]
[Site "Vishy Anand Arena"]
[Date "2020.09.19"]
[Round "2"]
[White "maddy_ducky"]
[Black "Kikku"]
[Result "0-1"]
[WhiteElo "1363"]
[BlackElo "2072"]
[Annotator "NA"]
[PlyCount "68"]
[EventDate "2020.09.19"]
[EventType "swiss (blitz)"]

1. e4 e6 2. d4 d5 3. Nc3 Nf6 4. e5 Nfd7 5. f4 c5 6. Nf3 Nc6 7. Be3 Be7 8. Be2 O-O 9. Qd2 b6 10. O-O f6 11. Bb5 Bb7 12. Bd3 fxe5 13. fxe5 cxd4 14. Bxd4 Nxd4 15. Nxd4 Bc5 16. Nce2 Nxe5 17. Kh1 Rxf1+ 18. Rxf1 Qe7 19. Qf4 Nxd3 20. cxd3 e5 21. Nf5 exf4 22. Nxe7+ Bxe7 23. Rxf4 Rf8 24. Rxf8+ Kxf8 25. Nd4 Bf6 26. Nb5 Bc6 27. Nxa7 Bd7 28. b3 b5 29. a4 bxa4 30. bxa4 Bxa4 31. Nc8 Bd4 32. Nd6 g6 33. Nb7 Ke7 34. g3 Kd7 0-1

[Event "Play for Durgesh Fundraiser Blitz"]
[Site "Vishy Anand Arena"]
[Date "2020.09.19"]
[Round "2"]
[White "Cubing siddanth"]
[Black "Shivakrishna1990"]
[Result "1/2-1/2"]
[WhiteElo "1361"]
[BlackElo "1723"]
[Annotator "NA"]
[PlyCount "98"]
[EventDate "2020.09.19"]
[EventType "swiss (blitz)"]

1. e4 e5 2. Nf3 Nc6 3. Bc4 Nf6 4. Nc3 Be7 5. b3 O-O 6. Bb2 d6 7. Qe2 Bg4 8. O-O-O Nd4 9. Qf1 Nxf3 10. gxf3 Bxf3 11. Rg1 Bxd1 12. Qg2 g6 13. Nxd1 Nh5 14. Bd3 Nf4 15. Qg3 Nxd3+ 16. cxd3 Bf6 17. Ne3 Bg7 18. Ng4 d5 19. exd5 Qxd5 20. Nxe5 Rfe8 21. f4 f6 22. h4 fxe5 23. f5 Re7 24. fxg6 hxg6 25. Qxg6 Rd8 26. h5 Qxd3 27. h6 Qxg6 28. Rxg6 Kh7 29. Rxg7+ Rxg7 30. hxg7 Kxg7 31. Bxe5+ Kg6 32. d4 c6 33. Kd2 a6 34. Ke3 Kf5 35. Kd3 Ke6 36. Ke4 Rh8 37. Bxh8 Kd6 38. Be5+ Ke6 39. Kf4 Kd5 40. Kf5 b5 41. Kf6 a5 42. Ke7 c5 43. dxc5 Kxe5 44. c6 Kd4 45. c7 Kc3 46. c8=Q+ Kb2 47. Qa6 Kxa2 48. Qxa5+ Kxb3 49. Qxb5+ Kc3 1/2-1/2

[Event "Play for Durgesh Fundraiser Blitz"]
[Site "Vishy Anand Arena"]
[Date "2020.09.19"]
[Round "2"]
[White "Believe1996"]
[Black "Castle_64"]
[Result "0-1"]
[WhiteElo "1355"]
[BlackElo "1638"]
[Annotator "NA"]
[PlyCount "128"]
[EventDate "2020.09.19"]
[EventType "swiss (blitz)"]

1. d4 Nf6 2. c4 g6 3. Nc3 Bg7 4. e3 O-O 5. Nf3 d6 6. Bd3 Nbd7 7. O-O e5 8. Ne4 Nxe4 9. Bxe4 f5 10. Bc2 e4 11. Nd2 Qg5 12. f3 Qxe3+ 13. Kh1 Qxd4 14. fxe4 fxe4 15. Rxf8+ Nxf8 16. Qf1 Bf5 17. Rb1 e3 18. Nf3 Bxc2 19. Nxd4 Bxb1 20. Bxe3 Bxa2 21. Nb5 Re8 22. Bxa7 Kh8 23. Nxc7 Re4 24. h3 Bxc4 25. Qf3 Re7 26. Nd5 Bxd5 27. Qxd5 Bxb2 28. Qxd6 Re1+ 29. Bg1 Bg7 30. Qb4 Rd1 31. Qxb7 Bd4 32. Qc8 Rxg1+ 33. Kh2 Kg7 34. Qc7+ Kf6 35. Qd6+ Kg5 36. Qxd4 Rf1 37. Qd5+ Kh6 38. Qd2+ Kg7 39. Qe2 Rf7 40. Qe5+ Kg8 41. Qe8 h5 42. Kg3 Kg7 43. Kh2 Nh7 44. Qe5+ Nf6 45. Qd5 h4 46. Qd2 Re7 47. Qh6+ Kxh6 48. Kh1 Ne4 49. Kh2 Ng3 50. Kg1 Re1+ 51. Kf2 Rf1+ 52. Ke3 g5 53. Kd4 Kg6 54. Kd5 Kf5 55. Kc6 Rc1+ 56. Kd7 Ke5 57. Ke8 Ne4 58. Kf8 Nf2 59. Kg7 Nxh3 60. Kg6 Nf4+ 61. Kxg5 Nxg2 62. Kg4 h3 63. Kh5 h2 64. Kg4 h1=Q 0-1

[Event "Play for Durgesh Fundraiser Blitz"]
[Site "Vishy Anand Arena"]
[Date "2020.09.19"]
[Round "2"]
[White "PowerPufGirl"]
[Black "AshokJV"]
[Result "0-1"]
[WhiteElo "1354"]
[BlackElo "1206"]
[Annotator "NA"]
[PlyCount "66"]
[EventDate "2020.09.19"]
[EventType "swiss (blitz)"]

1. d4 d5 2. e3 e6 3. h3 Nc6 4. a3 Nf6 5. Nf3 Bd6 6. Bd3 O-O 7. Nc3 Bd7 8. O-O Qe7 9. Re1 h6 10. e4 dxe4 11. Bxe4 Nxe4 12. Nxe4 Rae8 13. d5 exd5 14. Nf6+ Qxf6 15. Be3 Re7 16. Qd3 Ne5 17. Nxe5 Bxe5 18. Re2 Bc6 19. Rae1 Bb5 20. Qxb5 Qc6 21. Qd3 Rfe8 22. Qf5 Qf6 23. Qg4 Qg6 24. Qb4 Qc6 25. Bd4 f6 26. Bxe5 fxe5 27. Re3 Qb6 28. Qd2 d4 29. Rg3 Kh8 30. Qd3 e4 31. Qc4 Qe6 32. Qxd4 Qb6 33. Qc3 Rf8 0-1